000
00221 a2200097 4500
001
43895
100
_a
Sarwar
245
_a
Musalman Aqwam Kay Zawal Kay Asbab
260
_a
Lahore
_b
Dar ul Kitab
_c
090
_c
27637
_d
27637
942
_a
NUST-CAE
_c
M
_c
19599
999
_c
278968
_d
278968